1371 1767 1163 1396 1750 1752 1640 1321 1073 1271 1398 1123 1132 1615 1790 1568 1355 1178 1041 1682 1661 1587 1098 1467 1537 1369 1826 1569 1222 1480 1650 1172 1382 1525 1926 1214 1640 1888 1709 1910 1094 1182 1771 1879 1936 1005 1406 1591 1530 1210 1322 1042 1226 1700 1285 1181 1888 1299 1115 1653 1536 1636 1837 1730 1344 1822 1365 1629 1795 1526 1938 1460 1071 1484 1938 1237 1796 1416 1101 1999 1085 1111 1685 1041 1068 1560 1276 1832 1780 1535 1453 1192 1647 1880 1754 1193 1699 1289 1044 BCNSPRNW ULIB Ver.6.0+V

เปลี่ยนเป็นภาษาไทย

Change to English
 แสดงรายละเอียดบรรณานุกรม
  กลับหน้าหลัก

Brief Record : Get Marc (ISO 2709) : E-mail record : QR code < ปิดหน้าต่าง
LEADER : 00000nam 2200000uu 4500
001    13399114306
003     ULIB
008    110316s||||||||th 000 0 tha d
020    9789741956999
060 04 WY32^bพ298ก
100 0  พร้อมจิตร ห่อนบุญเหิม
245 10 กฎหมายและจริยศาสตร์สำหรับพยาบาล /^cพร้อมจิตร ห่อนบุญเหิม
250    พิมพ์ครั้งที่ 1
260    มหาสารคาม :^bคณะพยาบาลศาสตร์ มหาวิทยาลัยมหาสารคาม,^c2553
300    183 หน้า ;^c26 ซม.
650  7 พยาบาล^xกฎหมายและจริยศาสตร์
710 2  มหาวิทยาลัยมหาสารคาม.^bคณะพยาบาลศาสตร์
945    ^p0^l0^i031365
995    ทศพร
999 ^a ใช้งานได้ทุกระบบ
รายการนี้ยังไม่มีแท็ก
คุณยังไม่ได้ล็อกอิน คุณสามารถมีกิจกรรมร่วมกับเว็บไซต์ได้ แต่ต้องล็อกอินก่อน ::
  ล็อกอิน

รายการสื่อสารสนเทศ

ลำดับที่ ประเภท เลขเรียก/บาร์โค้ด สถานที่ สถานะ
1. วิทยาศาสตร์การแพทย์ และสุขภาพ
หนังสือสำรอง
สถานะ=หนังสือสำรอง
WY32 พ298ก ฉ.1 
  Barcode: 031365
ห้องสมุดวิทยาเขตสวรรค์ประชารักษ์
►ส่วนจัดเก็บหนังสือเก่า สปร
บนชั้น
  ขอยืม

รายการใกล้เคียง
    ผู้แต่ง [พร้อมจิตร ห่อนบุญเหิม]

BibComment


ยังไม่เคยถูกคอมเมนท์

คอมเมนท์ทรัพยากรรายการนี้
  คอมเมนท์: กฎหมายและจริยศาสต..


 Copyright 2026. Bcnsprnw @Library